00699nam a2200169 a 450000100100000000500170001000800410002704000250006808200150009310000430010824501150015126000580026630000210032450400540034595201130039999900170051200003663820200930075839.0120123s1990 cu 000 0 spa d aDO-SdBNPbspacBNPHU axxxxbS9391 aSuárez Fernández, José M.96293010aPrevención, profiláxis y diagnóstico precoz del carcinoma de la mama. /cJosé M. Suárez Fernández. aLa Habana :bEditorial Científico-Técnica,c1990. a116 p. ;c23 cm. aIncluye bibliografía al fina lde los capítulo 001050718MOaGRbGRcCTd2012-01-23iLF1l0oxxxx S939p36638-10r2020-06-25w2020-06-25y1ZNo se presta c36129d36129